Normal view
MARC view
Entry Personal Name
001 - CONTROL NUMBER
- control field: 261418
003 - CONTROL NUMBER IDENTIFIER
- control field: OSt
005 - DATE AND TIME OF LATEST TRANSACTION
- control field: 20260410153628.0
008 - FIXED-LENGTH DATA ELEMENTS
- fixed length control field: 260410|| aca||aabn | a|a d
040 ## - CATALOGING SOURCE
- Original cataloging agency: OSt
- Transcribing agency: OSt
100 ## - HEADING--PERSONAL NAME
- Personal name: Taub,Herbert
670 ## - SOURCE DATA FOUND
- Source citation: Work cat.: (OSt)241222: Jacob Millman and others 261416, Millmans pulse digital and switching waveforms, 2019